000 00606nam a2200229Ia 4500
003 OSt
005 20220928111654.0
006 a|||||r|||| 00| 0
007 ta
008 220927b |||||||| |||| 00| 0 eng d
024 _a44973
037 _cTextual
040 _aSDCL
_cSDCL
_beng
041 _2eng
_aeng
082 _aO152,1M96:g, N0
100 _aSharma Jagdish
245 0 _aNirala
_b Kavya-sarjana aur vyaktitatva.
260 _aMeerut
_bUtkarsh
_c1990
300 _a92p
_ccm.
942 _hO152,1M96:g, N0
_cTEXL
_2CC
999 _c741387
_d741387